000 00489ntaaa2200181 4500
003 01
005 20251027200855.0
008 0714s1973 ag 01
020 _a9500000059
040 _aAR-BaBN
_bspa
_cAR-BaBN
_eaacr
_dRIC
082 _a253 Es6e
245 _aEspiritualidad del sacerdote-religioso /
_cJose Maria Arnaiz
260 _aBuenos Aires :
_bCar,
_c1982
300 _a96 p. ;
_c22 cm.
650 _aSacerdocio Catolico
_95337
700 _aArnaiz, Jose Maria
_95338
942 _cBK
999 _c2796
_d2796